1171 1212 1318 1698 1454 1568 1880 1393 1995 1440 1436 1425 1766 1561 1250 1691 1983 1288 1076 1019 1691 1605 1396 1807 1184 1317 1747 1992 1772 1415 1457 1442 1008 1740 1717 1616 1347 1978 1217 1132 1031 1023 1192 1289 1567 1986 1810 1463 1157 1905 1962 1281 1741 1051 1043 1360 1633 1852 1398 1789 1846 1989 1201 1475 1654 1233 1899 1924 1774 1598 1158 1892 1342 1617 1885 1706 1179 1386 1146 1740 1239 1415 1488 1778 1313 1079 1333 1263 1714 1416 1286 1329 1816 1846 1576 1762 1559 1955 1516 BCNSPRNW ULIB Ver.6.0+V

เปลี่ยนเป็นภาษาไทย

Change to English
 แสดงรายละเอียดบรรณานุกรม
  กลับหน้าหลัก

Brief Record : Get Marc (ISO 2709) : E-mail record : QR code < ปิดหน้าต่าง
LEADER : 00000nam 2200000uu 4500
001    13399127748
003     ULIB
008    210518s2557||||th 000 0 tha d
020    ู^a9786163693365
050    ^aนว^bซ119ม^cล.8
100    ^aซ็อลบง
245    ^aมหากาพย์เทพมรณะ เล่ม 8
250    ^aพิมพ์ครั้งที่ 1
260    ^aกรุงเทพฯ :^bสยามอินเตอร์บุ๊คส์,^c2557
300    ^a221 หน้า;^b21 ซม.
650    ^aนวนิยาย
945    ^p200^l0^i008059
999    ^aประนอม เกษจรัล
รายการนี้ยังไม่มีแท็ก
คุณยังไม่ได้ล็อกอิน คุณสามารถมีกิจกรรมร่วมกับเว็บไซต์ได้ แต่ต้องล็อกอินก่อน ::
  ล็อกอิน

รายการสื่อสารสนเทศ

ลำดับที่ ประเภท เลขเรียก/บาร์โค้ด สถานที่ สถานะ
1. นวนิยาย
นวนิยาย
นว ซ119ม ล.8 ฉ.1 
  Barcode: 008059
ห้องสมุดวิทยาเขตนครสวรรค์
►นวนิยาย:l:Fiction
บนชั้น
Note:บริจาค

รายการใกล้เคียง
    ผู้แต่ง [ซ็อลบง]

    หัวเรื่อง [นวนิยาย]

BibComment


ยังไม่เคยถูกคอมเมนท์

คอมเมนท์ทรัพยากรรายการนี้
  คอมเมนท์: มหากาพย์เทพมรณะ ..


 Copyright 2026. Bcnsprnw @Library